000 01559cam a2200133 4500500
005 20260329050821.0
041 _afre
042 _adc
100 1 0 _aPasquier, Aurélie
_eauthor
245 0 0 _aPsychologie et psychopathologie des émotions
260 _bDunod,
_c2021.
520 _aLes émotions font partie de notre quotidien et suscitent un intérêt grandissant. Mais qu’est-ce que l’émotion ? Comment est-elle définie ? Qu’est-ce qui la différencie de l’affect et du sentiment ? Quelles sont ses composantes et ses fonctions ?Les composantes physiologique, subjective et comportementale permettent habituellement de décrire l’émotion. Cependant, appréhender la composante subjective de l’émotion n’est pas chose aisée, c’est pourquoi cet ouvrage propose, de manière non exhaustive, de rendre compte et d’analyser la façon dont les phénomènes émotionnels sont étudiés depuis plus d’un siècle dans le champ des sciences humaines et sociales.Les troubles émotionnels les plus fréquents que sont l’anxiété et la dépression mais également ceux qui touchent à la reconnaissance ou à l’expression des émotions sont présentés et questionnés, ainsi que leurs modalités de prise en charge thérapeutique.Les étudiants comme les praticiens s’inscrivant dans les champs de la psychologie, de l’éducation ou de la santé trouveront ici le plus utile des ouvrages.
856 4 1 _uhttps://shs.cairn.info/psychologie-et-psychopathologie-des-emotions--9782100799138?lang=fr&redirect-ssocas=7080
999 _c1997456
_d1997456